00744nam a2200217Ia 4500003000900000008004100009040001300050040001300063041000800076100001500084245015500099250001200254260001500266260000900281300001000290490000600300700001600306942000700322999001100329952018600340IT-RoPAU120407s9999 xx 000 0 und d aIT-RoPAU cIT-RoPAU afra aA. Robert  aIntroduction à la Bible, sous la direction de A. Robert et A. Feuillet. 2 tomi . 1. Introduction générale. Ancien Testament. 2.Nouveau Testament aTournai aDesclée  c1957 c21 cm v1 aA. Feuillet cBK c35d35 00102ddc406220_200000000000000_2371aPAULUSbPAULUSd2012-04-11l0o220.2.23r2012-04-11 00:00:00w2012-04-11yBKzInserito da: In data: n.d. fondo: Via A.Severo 56 Progr:15569